000 00945nam a2200265Ia 4500
003 OSt
005 20221005111320.0
006 a|||||r|||| 00| 0
007 ta
008 221004b |||||||| |||| 00| 0 hin d
020 _a9788181436191 (hbk)
_c295
024 _a7174
037 _b95, 05/09/2013, Vani Prakashan
_cTextual
040 _aCRL
_cCRL
_bhin
041 _2hin
_ahin
082 _aT:3(P), 152P7
100 _aदिलीप सिंह
245 0 _aभाड्ढा साहित्य और संस्कृति शिक्षण
246 _aBhāḍḍhā sāhitya aur sanskṛuti shikṣhaṇa
260 _aनई दिल्ली
_bवाणी प्रकाशन भारत
_c2007
300 _a224पृ0
_ccm.
650 _aशिक्षण
942 _hT:3(P), 152P7
_cTEXL
_2cc
999 _c1021477
_d1021477